000 01294nam a22003857a 4500
003 CHAP
005 20220817044442.0
008 110526s1994 mx a r 00010 spa d
010 _a101324
011 _a102296
020 _a9681643461
035 _a112984
040 _cCHAP
082 0 4 _a382
_bB59
100 1 _aBlanco Mendoza, Herminio
_913087
245 1 4 _aLas negociaciones comerciales de México con el mundo
_c/por Herminio Blanco Mendoza
260 _aMéxico, D. F. :
_bFCE,
_c1994
300 _a281 p. :
_bilus., cuadros, gráfs.
490 _aUna visión de la modernización de México
590 _aBATCH-UPD
_b10
_c20130110
_lUCH01
_h0838
590 _aBATCH-UPD
_b10
_c20130410
_lUCH01
_h0516
590 _aBATCH-UPD
_b10
_c20130914
_lUCH01
_h0643
590 _aCONVERSION
_b10
_c20130109
_lUCH01
_h1356
650 1 4 _aComercio internacional.
_925641
650 1 4 _aComercio
_zMéxico.
_925624
650 1 4 _aExportación e importación.
_939074
650 1 4 _aModernidad.
650 1 4 _aPolítica comercial.
_990470
650 1 4 _aPolítica económica.
650 1 4 _aReformas constitucionales.
830 0 _aUna visión de la modernización de México
_9116089
901 _aBK
942 _cLIBRO
949 _a382 B59
_bBC
_cLIBRO
_d33724002253058
_eLIBRO
_h115058
_i112984
_sb
999 _c101324
_d101324